[Event "2023 Spring TNM: 2000+"]
[Site "San Francisco"]
[Date "2023.03.07"]
[Round "1"]
[Board "5"]
[White "Karthi, Jashith"]
[Black "Ivanenko, Anthony Vladimir"]
[Result "1-0"]
[WhiteElo "2011"]
[BlackElo "2147"]
[PlyCount "83"]
[EventDate "2023.??.??"]

1. d4 Nf6 2. c4 g6 3. Nc3 d5 {The Grunfeld Defense. A favorite of many notable
champions, such as Fischer and Kasparov, and prominently played by current
World Champion title challenger Ian Nepomniatchi. It enjoys the reputation of a
dynamic yet also fickle opening. As seen in this game, the opening must be
handled with precision lest one doesn't want to end up with a lost position all
of sudden.} 4. cxd5 Nxd5 5. e4 Nxc3 6. bxc3 Bg7 {We've reached a crossroads in
the exchange variation where White has three options to go for: the Classical
(7.Bc4), the Modern (7.Nf3), and the so-called, by yours truly, Neural Network
(7.Be3), mainly due to its revival after employment by AlphaZero. In this game,
my opponent decided to go for the latter.} 7. Nf3 c5 8. Be3 {Transposing back
to 7.Be3. I will have to say -- this is quite a cumbersome line to face,
especially in the main line, since it tends to yield endgames that are quite
unpleasant for Black. Nonetheless, as long as Black plays energetically, he
should emerge completely fine.} Qa5 9. Qd2 Bg4 $6 {I can only chastise myself
once again for misremembering my move orders.} (9... O-O) 10. Rc1 $6
{Thankfully, my opponent doesn't make use of the opportunity created by the
unprotected b7-pawn. The following line is much more venemous to Black:} (10.
Rb1 {was played in the famous Kramnik - Kasparov world championship match and
was the first of two games to be won by Kramnik!} a6 11. Rxb7 Bxf3 12. gxf3 Nc6
13. Bc4 O-O 14. O-O cxd4 15. cxd4 Bxd4 16. Bd5 Bc3 17. Qc1 Nd4 18. Bxd4 Bxd4
19. Rxe7 Ra7 20. Rxa7 Bxa7 21. f4 Qd8 22. Qc3 Bb8 23. Qf3 Qh4 24. e5 g5 25. Re1
Qxf4 26. Qxf4 gxf4 27. e6 fxe6 28. Rxe6 Kg7 29. Rxa6 Rf5 30. Be4 Re5 31. f3 Re7
32. a4 Ra7 33. Rb6 Be5 34. Rb4 Rd7 35. Kg2 Rd2+ 36. Kh3 h5 37. Rb5 Kf6 38. a5
Ra2 39. Rb6+ Ke7 40. Bd5 {1-0 Kramnik,V (2770)-Kasparov,G (2849) World-ch
London 2000 (2)}) 10... O-O $6 {Transposing back to the main line, but Black
should've taken advantage of the shuffled move order:} (10... Bxf3 11. gxf3 e6
12. Rb1 a6 13. Rxb7 Nc6 {and Black has solved all his problems, while White is
struggling to figure out where he should hide his king:} 14. f4 O-O 15. Bg2
Rab8 16. Rb3 Rxb3 17. axb3 cxd4 18. cxd4 Qb5 19. e5 Rc8 20. d5 Nb4 21. Qe2 Nc2+
22. Kf1 Qxb3 23. Kg1 Nxe3 24. Qxe3 Rc3 25. Qe2 Rc1+ 26. Bf1 Qxd5 27. h4 Bh6 28.
h5 Bxf4 29. hxg6 hxg6 30. Qxa6 Qf3 {0-1 Duda,J (2743)-Nepomniachtchi,I (2784)
Skilling op Prelim chess24.com INT rapid 2020 (6)}) 11. Be2 Rd8 $6 {Second most
played option in my database, but it is just not that good. White was planning
on play d4-d5 anyway, so why waste a tempo and oblige him? Black has to play
energetically and had two much better options.} (11... e6) (11... Nd7) 12. d5
Nd7 $6 {Too slow. Black should've played this on the last move. Right now it
was vital to blockade c3-c4.} (12... c4 {is not hanging due to} 13. Bxc4 $6 Rc8
$15 {and White is dropping the c-pawn.}) 13. c4 Qxd2+ {I didn't notice anything
useful that could be done with queens on board, so I decided to trade them off.
The sad truth is that Black is stuck in a conundrum of dealing with the center
pawn-chain anyhow.} 14. Nxd2 Bxe2 15. Kxe2 e6 $6 {Trying to dismantle the
center structure, though my pieces aren't well-positioned for it. An argument
could've been made for the other lever.} (15... f5 16. Rhd1 b6 17. f4 fxe4 18.
Nxe4 Re8 $16 {scores better on my machine, but definitely doesn't look close to
appetizing.}) 16. f4 Rac8 $146 {Not the best novelty out there. The idea is to
add some protection to the pawn to free the knight, but Black just doesn't have
enough tempi. Black should've went with his predecessor's pick and tried to
create activity on the e-file.} (16... Re8 17. Kf2 exd5 18. cxd5 Nf6 19. Kf3 b6
20. Rhe1 Rad8 21. Bf2 Rd7 22. Nc4 Rde7 23. Ne5 g5 24. g3 Rxe5 25. fxe5 Nd7 26.
Rcd1 Nxe5+ 27. Kg2 c4 28. Bd4 Nd3 29. Bxg7 Nxe1+ 30. Rxe1 Kxg7 31. Kf3 b5 32.
e5 b4 33. Ke4 b3 34. axb3 cxb3 35. Kd3 a5 36. Kc3 a4 37. Kb2 Rc8 38. Ka3 Rb8
39. d6 Kf8 40. Rb1 Rb5 41. Kxa4 Rxe5 42. Rxb3 {½-½ Tosunoglu,K-Keller,M (2225)
Finkenstein op 1998}) 17. dxe6 fxe6 18. e5 Bf8 {Only move. The bishop must be
repositioned to cover the weak dark squares in case of Nd2-e4.} ({I was
half-tempted to sacrifice the knight for the two pawns, but unfortunately there
are still too many pawns and pieces on the board for this to be effective.}
18... Nxe5 19. fxe5 Bxe5 $18) 19. Ne4 Be7 {[%csl Yd6,Yf6,Yg5] Covering d6, f6,
and g5.} 20. Rhd1 b6 {Adding some protection to the pawn before the action
begins.} 21. Nd6 Bxd6 22. Rxd6 Nf8 (22... Kf7 $4 {doesn't work due to} 23. Rcd1
Ke7 24. f5 $1 $18) 23. Rcd1 Rxd6 24. Rxd6 Kf7 25. a4 {Black has put up quite
the resilient defense with a series of computer-approved moves, but flunks at
the next turn.} Ke7 $2 {It's vital to keep the king off the dark squares as
they're quite weak to White's bishop. The f8-knight covers the e6-pawn anyway.}
(25... Ke8 $1 26. a5 $6 Rd8 27. Rc6 Kd7 28. Rd6+ Kc7 29. axb6+ axb6 30. Rxd8
Kxd8 $11 {was what I was calculating, which is a dead draw.}) 26. a5 {Black
could still struggle to hold on, although he's borderline losing.} (26. Bf2 $1
h6 27. g4 $18 {and Black no longer has access to Rd8.}) 26... Rd8 $4 {but this
just loses on the spot.} (26... bxa5 27. Ra6 Rc7 28. Rxa7 Rxa7 29. Bxc5+ Kd7
30. Bxa7 Kc6 31. Bb8 Nd7 32. Bd6 Nb6 33. Kd3 Nc8 34. Bf8 $18 {is winning for
White, but requires precision.}) 27. axb6 axb6 ({For some reason I briefly
calculated this line before playing 26...Rd8 not realizing White has the option
to take with check.} 27... Rxd6 28. bxa7 Ra6 $19) 28. Rxb6 Nd7 29. Rc6 Rb8 30.
Bxc5+ Nxc5 31. Rxc5 {The rest is quite elementary.} Kd7 32. Ra5 Rb4 33. Ra7+
Ke8 34. Rxh7 Rxc4 35. Kf3 Kf8 36. Kg4 Rc2 37. g3 Kg8 38. Ra7 Rxh2 39. Kg5 Rg2
40. Kxg6 Rxg3+ 41. Kf6 Rf3 42. Ra4 {Unfortunately, it's not a Philidor position
when your opponent has two pawns. Black resigns.} 1-0

[Event "2023 Spring TNM: 2000+"]
[Site "San Francisco"]
[Date "2023.03.07"]
[Round "1"]
[Board "6"]
[White "Dasika, Archit"]
[Black "Lewis, Edward"]
[Result "1-0"]
[WhiteElo "2143"]
[BlackElo "1974"]
[Annotator "Winslow,Elliott"]
[PlyCount "133"]
[EventDate "2023.??.??"]

1. d4 Nf6 2. c4 g6 3. Nc3 Bg7 4. e4 d6 5. Nf3 O-O 6. Be2 Nc6 7. O-O Re8 8. h3
e5 9. d5 Nd4 10. Be3 Nxe2+ 11. Qxe2 Nh5 12. c5 dxc5 13. Bxc5 Nf4 14. Qd1 Qd7
15. Be3 {[#]} Nxg2 $6 16. Kxg2 Qxh3+ 17. Kg1 $16 Bg4 $2 (17... f5 $5) 18. Ng5
Qh4 19. Qe1 $2 (19. f3 $1) 19... Bd7 20. f3 Qxe1 21. Rfxe1 h6 22. Nh3 (22. Nxf7
$5 Kxf7 23. a4 $15) 22... Bxh3 23. Nb5 {[#]} Red8 $1 24. Nxc7 Rac8 25. Rec1 a6
26. Rc3 Bf8 27. Rac1 g5 28. Rb3 b5 29. Nxa6 Rxc1+ 30. Bxc1 Bd7 31. Be3 Ra8 32.
Nc7 Rxa2 33. Nxb5 g4 34. fxg4 Bxg4 35. Bxh6 Bc5+ 36. Kg2 Bd1 37. Rg3+ Kh7 38.
Bc1 Bc2 39. Nc3 Ra1 40. Be3 Bd4 41. d6 Bxc3 42. bxc3 Bxe4+ 43. Kf2 Rd1 44. Bc5
f5 45. c4 Bc6 46. Rb3 Kg6 47. Rb6 Bd7 48. Rb7 Ba4 49. Ra7 Bc6 50. Ke2 Rc1 51.
Rc7 Ba4 52. Be3 Rc2+ 53. Kd3 Ra2 54. d7 Ra3+ 55. Kd2 Ra2+ 56. Kc3 Bxd7 57. Rxd7
Ra3+ 58. Kd2 f4 59. Bc5 Rh3 60. Bd6 Kf5 61. c5 Rh2+ 62. Ke1 f3 63. Re7 Re2+ 64.
Kf1 e4 65. c6 Rc2 66. c7 Rc6 67. Re5+ 1-0

[Event "2023 Spring TNM: 2000+"]
[Site "San Francisco"]
[Date "2023.03.07"]
[Round "1"]
[Board "7"]
[White "Sanguinetti, George A"]
[Black "Garcia, Eugenio Vargas"]
[Result "1/2-1/2"]
[WhiteElo "1900"]
[BlackElo "2140"]
[Annotator "Winslow,Elliott"]
[PlyCount "129"]
[EventDate "2023.??.??"]

1. d4 d5 2. Nf3 c6 3. c3 Nf6 4. Bg5 Ne4 5. Bh4 Bf5 6. e3 Qb6 7. Qb3 Nd7 8. Be2
e6 9. O-O Bd6 10. Nbd2 O-O 11. Rac1 Qxb3 12. axb3 Rfe8 13. Nxe4 dxe4 14. Nd2 e5
15. Bg3 Bc7 {[#]} 16. f3 exf3 17. Rxf3 Bg6 18. Rcf1 Rad8 19. Bc4 Rf8 20. b4 Nb6
21. Be2 Rfe8 22. R3f2 Rd7 23. Bg4 Rde7 24. Bf5 f6 25. Bxg6 hxg6 26. Nf3 exd4
27. Bxc7 Rxc7 28. exd4 Rce7 29. Rc1 Nd5 30. h3 g5 31. Nd2 Nf4 32. Ra1 a6 33.
Nc4 Re6 34. Rd2 Kh7 35. Kf1 Kg6 36. Rad1 Kh5 37. Nb6 Kh4 38. d5 cxd5 39. Nxd5
Nxd5 40. Rxd5 Kg3 41. R5d3+ Kh2 {[#]} 42. R1d2 Re1+ 43. Kf2 Rg1 44. Kf3 Ree1
45. Kg4 Rxg2+ 46. Rxg2+ Kxg2 47. Rd2+ Kf1 48. Kf3 f5 49. Rf2+ Kg1 50. Rg2+ Kh1
51. Rxg5 Rb1 52. Rxg7 Rf1+ 53. Ke2 Rb1 54. Rxb7 Rxb2+ 55. Kf3 Rc2 56. Rc7 Kh2
57. Rc6 Rc1 58. Rxa6 Rxc3+ 59. Kf4 Rc4+ 60. Kxf5 Rxb4 61. Rh6 Rb3 62. h4 Kg3
63. h5 Kh4 64. Rh8 Rb5+ 65. Kg6 1/2-1/2

[Event "2023 Spring TNM: 1600-1999"]
[Site "San Francisco"]
[Date "2023.03.07"]
[Round "1"]
[Board "8"]
[White "Walder, Michael"]
[Black "Admassu, Yonathan"]
[Result "1-0"]
[WhiteElo "1954"]
[BlackElo "1647"]
[PlyCount "105"]
[EventDate "2023.??.??"]

{[%evp
0,56,19,-12,-20,-68,-53,-51,2,2,21,-30,-33,-2,15,-33,-13,-43,-20,-30,-27,-31,18,-4,43,9,69,69,85,113,145,137,137,122,169,158,149,166,184,188,215,184,239,241,236,235,349,171,187,187,187,170,157,141,253,242,247,267,256]}
1. c4 e5 2. g3 Nc6 3. Nc3 g6 4. Bg2 Bg7 5. e3 d6 6. Nge2 Nf6 7. d3 Be6 {A25:
English Opening vs King's Indian with ...Nc6 but without early d3.} 8. Nd5 a5
9. a3 {[#]} Qd7 $146 {[%eval 50,34] [%wdl 90,906,4]} (9... h5 $11 {[%eval
12,30] [%wdl 30,956,14]}) ({Predecessor:} 9... O-O 10. O-O Qd7 11. Nec3 Nd8 12.
Bd2 Rb8 13. Nxf6+ Bxf6 14. Nd5 Bxd5 15. cxd5 Qb5 16. Bc3 Bg7 17. a4 Qb6 18. Ra3
{1-0 (40) Cvek,R (2404)-Skliba,M (2111) Czech Republic 2001}) 10. Nec3 $14 h5
11. h4 Nd8 {[%eval 97,23] [%wdl 284,715,1]} (11... O-O $14 {[%eval 38,29] [%wdl
61,933,6]}) 12. Rb1 {[%eval 60,29] [%wdl 108,889,3] White is more active.}
({White should try} 12. d4 $1 $16 {[%eval 97,23] [%wdl 284,715,1]}) 12... Bxd5
{[%eval 144,24] [%wdl 638,362,0]} (12... O-O $14 {[%eval 60,29] [%wdl
108,889,3]}) 13. cxd5 $16 ({But not} 13. Nxd5 $6 O-O $14) 13... c5 $2 {[%eval
351,24] [%wdl 999,1,0]} (13... Ng4 $16 {[%eval 132,29] [%wdl 541,459,0] was
called for.}) 14. Bh3 $18 Qc7 15. Qa4+ Kf8 16. O-O Ng4 {[%eval 490,25] [%wdl
1000,0,0]} (16... Bh6 $142 {[%eval 339,29] [%wdl 999,1,0]} 17. Bd2 Ra6) 17.
Bxg4 hxg4 18. Qxg4 Qe7 19. e4 Bf6 20. Bg5 Kg7 {[%eval 627,28] [%wdl 1000,0,0]}
(20... Bxg5 $142 {[%eval 400,26] [%wdl 1000,0,0]} 21. hxg5 (21. Qxg5 Qxg5 22.
hxg5 b6 $18) 21... Ke8) 21. Bxf6+ Qxf6 22. Kg2 Rh5 23. Nb5 Qe7 24. f4 {[%cal
Bf2f4,Bf4f5,Bf5f6][%mdl 32] And now f5 would win.} f5 25. exf5 Rxf5 26. h5 Rxh5
27. f5 Qg5 28. f6+ Kf8 29. Qxg5 Rxg5 30. Nxd6 Ra6 31. Ne4 {[%csl Bc5,Bg5]} Rf5
32. Nxc5 Rd6 33. Rxf5 {[%eval 258,29] [%wdl 987,13,0]} (33. Rh1 $142 {[%eval
487,25] [%wdl 1000,0,0]}) 33... gxf5 {[%mdl 4096] Endgame [#] KRN-KRN} 34. Re1
$1 b6 35. Na4 ({Worse is} 35. Rxe5 bxc5 36. Rxf5 Nf7 $11) 35... Nf7 {[%eval
384,25] [%wdl 1000,0,0] [#] This costs Black the game.} (35... b5 $16 {[%eval
158,30] [%wdl 691,309,0] was worth a try.}) 36. Rc1 $1 Rxd5 37. Rc8+ Nd8 38.
Nxb6 Rxd3 39. Nc4 {[%csl Ba5,Be5]} e4 {[%eval 1040,25] [%wdl 1000,0,0]} (39...
Rd5 $142 {[%eval 419,28] [%wdl 1000,0,0]} 40. Rc7 Nf7) 40. Ne5 Rd2+ 41. Kf1
{aiming for Rc7.} Rd6 42. b4 axb4 43. axb4 {Strongly threatening b5.} Ke8 44.
f7+ Ke7 {[#]} 45. Rxd8 $1 {[%mdl 512] White mates.} Rxd8 46. Nc6+ Kxf7 47.
Nxd8+ {KN-KPP} Ke7 48. Nc6+ Kd6 49. Nd4 Ke5 {[#]} 50. b5 $1 Kxd4 (50... Kd5 51.
Nxf5) 51. b6 Ke3 52. b7 Kf3 53. b8=Q {Weighted Error Value: White=0.26
(precise) /Black=0.54} 1-0

[Event "2023 Spring TNM: 1600-1999"]
[Site "San Francisco"]
[Date "2023.03.07"]
[Round "1"]
[Board "9"]
[White "Ross, Max L"]
[Black "Khristoforov, Sergey"]
[Result "1/2-1/2"]
[WhiteElo "1618"]
[BlackElo "1954"]
[PlyCount "41"]
[EventDate "2023.??.??"]

1. d4 d5 2. Nf3 Nf6 3. Bg5 c6 4. e3 Bg4 5. Be2 Ne4 6. Bh4 Qb6 7. Qc1 e6 8. O-O
g5 9. Bg3 h5 10. Nbd2 h4 11. Bxb8 Rxb8 12. h3 Bh5 13. Re1 Nxd2 14. Qxd2 f6 15.
c3 Bd6 16. Nh2 Bg6 17. Ng4 f5 18. Ne5 Bxe5 19. dxe5 Ke7 20. b4 Rhg8 21. a4
1/2-1/2

[Event "2023 Spring TNM: 1600-1999"]
[Site "San Francisco"]
[Date "2023.03.07"]
[Round "1"]
[Board "10"]
[White "Dutter, Frederic"]
[Black "Casares, Nick Jr"]
[Result "1-0"]
[WhiteElo "1900"]
[BlackElo "1600"]
[PlyCount "63"]
[EventDate "2023.??.??"]

1. e4 e5 2. Nf3 Nc6 3. Bb5 a6 4. Bxc6 dxc6 5. O-O Bg4 6. h3 h5 7. d3 Bxf3 8.
Qxf3 Qf6 9. Qg3 Be7 10. f4 Bc5+ 11. Kh1 O-O-O 12. f5 Qd6 13. Nd2 f6 14. Nc4 Qe7
15. Be3 Bxe3 16. Qxe3 Kb8 17. a4 Nh6 18. Rfb1 g5 19. b4 Rd4 20. b5 Ng4 21. Qf3
Rxc4 22. dxc4 Qc5 23. Rf1 Qxc4 24. Qd3 Qc5 25. bxa6 Nf2+ 26. Rxf2 Qxf2 27. axb7
Qb6 28. c3 Qa7 29. a5 h4 30. a6 g4 31. Rd1 Rc8 32. bxc8=Q+ 1-0

[Event "2023 Spring TNM: 1600-1999"]
[Site "San Francisco"]
[Date "2023.03.07"]
[Round "1"]
[Board "11"]
[White "Toledo Guerrero, Fernando"]
[Black "Clemens, Kristian"]
[Result "1-0"]
[WhiteElo "1597"]
[BlackElo "1857"]
[Annotator "Winslow,Elliott"]
[PlyCount "31"]
[EventDate "2023.??.??"]

1. e4 e5 2. Nc3 Nf6 3. f4 d6 (3... d5 4. fxe5 Nxe4) 4. Nf3 Nc6 5. Bb5 Bd7 6.
O-O Nd4 7. Nxd4 exd4 8. e5 dxe5 9. fxe5 Bxb5 10. Nxb5 Nd5 11. Qf3 Ne7 12. Qxf7+
Kd7 13. Nxd4 Kc8 14. Ne6 Qd5 15. Qe8+ Qd8 16. Qxd8# 1-0

[Event "2023 Spring TNM: 1600-1999"]
[Site "San Francisco"]
[Date "2023.03.07"]
[Round "1"]
[Board "12"]
[White "Lazarus, Isaac"]
[Black "Moisselin, Simon"]
[Result "1-0"]
[WhiteElo "1845"]
[BlackElo "1565"]
[Annotator "Winslow,Elliott"]
[PlyCount "83"]
[EventDate "2023.??.??"]

1. d4 b6 2. Bf4 Bb7 3. Nf3 e6 4. e3 Nf6 5. Nbd2 d5 6. Bb5+ c6 7. Be2 Nbd7 8.
Ne5 Nxe5 9. dxe5 Ne4 {[#]} 10. Nf3 $2 (10. Nxe4 dxe4 11. Qd4 $1 $11) 10... Bb4+
$2 (10... g5 $1 11. Bg3 Qc7 $1 $17) 11. Kf1 (11. c3 $1 $11 {Let him have his
fun, it just favors White.} Be7 $1 $11 (11... g5 12. Nxg5) (11... Nxc3 12. bxc3
Bxc3+ 13. Kf1 Bxa1 14. Qxa1 $14)) 11... g5 $17 12. Bg3 h5 13. h4 $6 (13. h3 Qc7
14. c3 Bf8 15. Bh2 O-O-O) 13... Nxg3+ 14. fxg3 g4 $19 15. Ne1 Bc5 16. Qd2 f6
17. b4 Be7 18. exf6 Bxf6 19. Rd1 Be5 20. Nd3 Bxg3 21. Kg1 Rf8 22. Rf1 Rxf1+ 23.
Bxf1 Qf6 (23... e5 $1) 24. Nf4 Qh6 25. Bd3 {[#]} e5 $2 {But not now!} 26. Ne2
$14 {(Woops!)} e4 $6 (26... Bxh4 $1 27. Rxh4 Qg5 28. g3 e4 {White will have
pretty good compensation for the pawn.}) 27. Nxg3 exd3 28. Qxd3 Bc8 (28...
O-O-O $5) 29. Kh2 {Sensible, and a long time coming...} ({But} 29. Qd4 $1
{first "gets there first" (where "there" is centralized, and what "gets" is the
queen)} Be6 30. Kh2 O-O-O 31. Rf1) 29... a5 30. b5 Bd7 31. Rf1 O-O-O 32. bxc6
Qxc6 33. Nf5 Kc7 {[#]} 34. g3 $2 (34. Ng3 $1 $14) 34... Qc5 $2 (34... Qc4 $1
35. Ng7 $1 $15) 35. Nd4 Rf8 36. Rf4 {[#]} b5 $2 (36... Rxf4 37. exf4 Qc4 38.
Qe3 $11) 37. Qh7 $1 Re8 (37... Kc8 $5 $16) 38. Rf7 Rxe3 39. Rxd7+ Kc8 40. Rf7
Re8 41. Qf5+ Kb8 42. Qd7 1-0

[Event "2023 Spring TNM: 1600-1999"]
[Site "San Francisco"]
[Date "2023.03.07"]
[Round "1"]
[Board "13"]
[White "Rex, Tobiah"]
[Black "Parsons, Stephen"]
[Result "0-1"]
[WhiteElo "1556"]
[BlackElo "1780"]
[Annotator "Parsons,Stephen"]
[PlyCount "70"]
[EventDate "2023.??.??"]

{[%evp
0,45,28,-20,-14,-5,-1,-4,94,101,136,132,141,124,124,116,149,134,155,121,164,162,162,179,179,190,187,87,97,125,143,73,74,74,102,95,95,95,95,37,49,53,51,-85,-3,-127,-138,-75]}
1. c4 e6 2. Nc3 Nf6 3. e4 Bb4 $2 {Mouse slip} 4. e5 $1 Bxc3 5. bxc3 Ng8 6. Qg4
g6 7. d4 d5 8. Bg5 Qd7 {White is already much better} 9. cxd5 Qxd5 10. Bd3 Nc6
{Preparing Nxe5 ideas} 11. Ne2 Bd7 12. O-O h6 $2 (12... Nxe5 13. dxe5 Qxd3 14.
Rad1 Qf5 (14... Qb5 15. Qd4) 15. Qd4 Qxg5 16. Qxd7+ Kf8 {Did not seem all that
appealing...}) 13. Bh4 $2 {For some reason the computer give Nxe5 here a better
evaluation, but I was still concerned with my d8 square} (13. Nf4 $1 Qa5 14.
Nxg6 $3 {is great for White}) 13... g5 14. Bg3 f5 $2 15. exf6 $2 (15. Qh5+ $1
{apparently both players missed this simple move}) 15... Nxf6 {Black is back in
the game} 16. c4 Qxg2+ 17. Kxg2 Nxg4 $1 18. Bxc7 Ne7 $6 19. Bd6 $2 Bc6+ {Now
the white squares are weak in White's camp} 20. Kg1 Rd8 21. Ba3 $2 Bf3 22. h3
$4 Ne5 $1 23. Nc1 Nxd3 24. Nxd3 Nf5 (24... Be2 $1 25. Rfe1 Bxd3 26. Rxe6 Rh7
27. Rae1 Rd7 28. d5 Bxc4 29. d6 Bxe6 30. Rxe6 {and Black saw all of this, but
opted to avoid any complications despite the position wining concretely}) 25.
Nc5 $4 {An unfortunate blunder in an other wise great game from white} (25. Ne5
$1 {keeps the game going}) 25... Rxd4 26. Bb2 Rh4 $1 {A mating net forms} 27.
Be5 Rxh3 28. Bh2 Nd4 29. Rfe1 Ne2+ {The simplest way to simplify} 30. Rxe2 Bxe2
31. Re1 Bxc4 32. Nxe6 Bxe6 33. Rxe6+ {Black should win easily} Kd7 34. Rd6+ Ke7
35. Bg3 $6 Rxg3+ 0-1

[Event "2023 Spring TNM: 1600-1999"]
[Site "San Francisco"]
[Date "2023.03.07"]
[Round "1"]
[Board "14"]
[White "Krayushkin, Igor"]
[Black "Kaplan, Glenn"]
[Result "1/2-1/2"]
[WhiteElo "1726"]
[BlackElo "1526"]
[PlyCount "77"]
[EventDate "2023.??.??"]

{[%evp
0,30,30,37,83,75,50,75,97,82,77,71,56,23,23,30,26,24,69,71,64,50,37,15,21,42,80,46,120,123,99,115,107]}
1. e4 d6 2. d4 Nf6 3. Nc3 g6 4. Bg5 Bg7 5. e5 dxe5 6. dxe5 Nfd7 7. e6 fxe6 8.
Bc4 Nb6 9. Qxd8+ Kxd8 10. O-O-O+ Ke8 11. Bb3 Bxc3 12. bxc3 Nc6 13. Nf3 Na5 14.
Rhe1 Nxb3+ 15. cxb3 Rf8 16. c4 Rf5 17. Bh4 a5 18. Nd4 Rh5 19. Bg3 c6 20. Bc7
Ra6 21. Nxe6 Bxe6 22. Rxe6 Kf7 23. Re4 c5 24. g4 Rh3 25. Bg3 a4 26. Kb2 h5 27.
gxh5 Rxh5 28. Rde1 Nc8 29. Bh4 e6 30. Rd1 Rd6 31. Rxd6 Nxd6 32. Rf4+ Rf5 33.
Bg3 Rxf4 34. Bxf4 Ne4 35. Be3 axb3 36. f3 Nd6 37. Kxb3 b6 38. Bf4 Ke7 39. Kc3
1/2-1/2

[Event "2023 Spring TNM: 1600-1999"]
[Site "San Francisco"]
[Date "2023.03.07"]
[Round "1"]
[Board "15"]
[White "Gu, Chunhui"]
[Black "Briancon-Marjollet, Victor"]
[Result "0-1"]
[WhiteElo "1525"]
[BlackElo "1701"]
[PlyCount "74"]
[EventDate "2023.??.??"]

1. e4 e5 2. Nf3 Nc6 3. d4 exd4 4. Bc4 h6 5. O-O d6 6. Nxd4 Bd7 7. Nc3 Nf6 8. f4
Nxd4 9. Qxd4 Be6 10. e5 d5 11. Bb5+ Nd7 12. f5 Bxf5 13. Rxf5 c6 14. Qf4 Bc5+
15. Kh1 Qe7 16. Nxd5 cxd5 17. Bxd7+ Qxd7 18. Bd2 Bd4 19. c3 g6 20. Rf6 Bb6 21.
Rf1 O-O-O 22. Rxf7 Qb5 23. Qb4 Qe2 24. Qe7 Qa6 25. Re1 Rhe8 26. Qf6 Qd3 27. Bf4
Bf2 28. Rc1 Be3 29. Bxe3 Qxe3 30. Qf1 Rxe5 31. Rf3 Qg5 32. Rg3 Qd2 33. Rb1 Rde8
34. h3 Re1 35. Rxe1 Rxe1 36. Rf3 Rxf1+ 37. Rxf1 Qxb2 0-1

[Event "2023 Spring TNM: 1600-1999"]
[Site "San Francisco"]
[Date "2023.03.07"]
[Round "1"]
[Board "16"]
[White "Macnee, Felix"]
[Black "Phillips, Michael Edward"]
[Result "1/2-1/2"]
[WhiteElo "1692"]
[BlackElo "1492"]
[PlyCount "60"]
[EventDate "2023.??.??"]

1. b4 d5 2. Bb2 Nf6 3. Nf3 Bf5 4. e3 e6 5. b5 Bd6 6. c4 O-O 7. Nh4 Bg4 8. Be2
Bxe2 9. Qxe2 c6 10. Nc3 Nbd7 11. O-O Re8 12. f4 Ne4 13. Nxe4 dxe4 14. g3 Be7
15. Ng2 cxb5 16. f5 Bf6 17. fxe6 Rxe6 18. Bxf6 Nxf6 19. cxb5 Rd6 20. Rfd1 Qd7
21. Rac1 Rd8 22. Nf4 Ng4 23. d4 exd3 24. Rxd3 Nf6 25. Rcd1 Rxd3 26. Rxd3 Qe8
27. a4 Rxd3 28. Qxd3 h6 29. Kf2 Qc8 30. h3 Qe8 1/2-1/2

[Event "2023 Spring TNM: 1600-1999"]
[Site "San Francisco"]
[Date "2023.03.07"]
[Round "1"]
[Board "17"]
[White "Hule, Pratyush"]
[Black "Kingma, Karl Stuart"]
[Result "0-1"]
[WhiteElo "1424"]
[BlackElo "1683"]
[PlyCount "50"]
[EventDate "2023.??.??"]

1. e4 e6 2. d4 d5 3. e5 c5 4. c3 Nc6 5. Nf3 Qb6 6. b3 cxd4 7. cxd4 Bb4+ 8. Ke2
Bd7 9. Bb2 Nh6 10. g3 Nf5 11. Bh3 Qa6+ 12. Qd3 Ncxd4+ 13. Nxd4 Nxd4+ 14. Ke3
Nb5 15. Bc3 Bxc3 16. Nxc3 d4+ 17. Kd2 dxc3+ 18. Kc1 Qa3+ 19. Kd1 O-O-O 20. Ke2
Bc6 21. Qc4 Qb2+ 22. Ke1 Qxa1+ 23. Ke2 Qb2+ 24. Ke1 Qd2+ 25. Kf1 Qd1# 0-1